|
|
|
|
| LEADER |
00000nas a22000007i 4500 |
| 001 |
ssj0002090660 |
| 003 |
WaSeSS |
| 005 |
20200512172242.0 |
| 006 |
m d |
| 007 |
cr n |
| 008 |
171102c20179999nyumr p s 0 a0eng |
| 010 |
|
|
|a 2017202692
|
| 022 |
|
|
|a 2575-7946
|y 2575-7938
|
| 035 |
|
|
|a (WaSeSS)ssj0002090660
|
| 037 |
|
|
|b Hill Publishing Group, 8825 53rd Ave, Elmhurst, NY 11373
|
| 040 |
|
|
|a DLC
|b eng
|c DLC
|d DLC
|d U3W
|d OCLCF
|d WAU
|d OCLCO
|d WaSeSS
|
| 042 |
|
|
|a nsdp
|a pcc
|
| 050 |
1 |
4 |
|a L11
|
| 082 |
1 |
0 |
|a 607
|2 23
|
| 210 |
0 |
|
|a Educ. rev. USA
|b (Online)
|
| 222 |
|
4 |
|a The education review, USA
|b (Online)
|
| 245 |
0 |
4 |
|a The educational review, USA
|h [electronic resource].
|
| 246 |
1 |
3 |
|a Education journal
|
| 260 |
|
|
|a Elmhurst, NY :
|b Hill Publishing Group,
|c 2017-
|
| 310 |
|
|
|a Monthly
|
| 362 |
1 |
|
|a Began with: 1(1) (September 2017)
|
| 506 |
|
|
|a License restrictions may limit access.
|
| 588 |
|
|
|a Description based on 1(1) (September 2017) ; title from article PDF (wayback machine Septmeber 24, 2017 instance, viewed December 18, 2019).
|
| 588 |
|
|
|a Latest issue consulted: 3(12) (2019) (viewed December 18, 2019).
|
| 650 |
|
0 |
|a Education
|v Periodicals.
|
| 650 |
|
7 |
|a Education.
|2 fast
|0 (OCoLC)fst00902499
|
| 655 |
|
0 |
|a Electronic journals.
|
| 776 |
0 |
8 |
|i Print version:
|t Education review, USA
|x 2575-7938
|w (DLC) 2017202693
|w (OCoLC)1008968075
|
| 856 |
4 |
0 |
|z Full text available from Research Library: 01/01/2017 to present
|u https://search.proquest.com/publication/2050634
|